000
00250nam a2200109Ia 4500
008
220204s9999 xx 000 0 und d
082
_a
082.09
_b
HAW
100
_a
Hawkes, Terence
245
0
_a
Mataphor
260
_a
London
_b
Methuen
_c
1972
942
_c
BK
999
_c
34157
_d
34157